00353nam a2200133Ia 4500003000400000008004100004040001600045082001600061100002100077245004500098260004500143300000800188650002300196GCL140319s9999 xx 000 0 eng d aGCL / cGCL04a862.08bA C1 aALDECOA, IGNACIO10aCUENTAS COMPLETAS 1 / cALDECOA, IGNACIO a[S.N] : bEL LIBRO DE BOLSILLO ، c1985 a44804aSPANISH LITERATURE